Catàleg de l'Arxiu Notarial de Terrassa / per Pere Puig i Ustrell i Josep Sanllehí i Ubach
Descripción Física:
193 p., [4] p. de làm. ; 24 cm
Otros Autores:
Sanllehí i Ubach, Josep
MARC
| LEADER | 00000nam a2200000Ia 4500 | ||
|---|---|---|---|
| 001 | 1508 | ||
| 003 | BGR | ||
| 005 | 20260324175251.0 | ||
| 008 | 160829s1984 xx 000 0 cat d | ||
| 080 | |a A-1-190 | ||
| 100 | |a Puig i Ustrell, Pere |9 34105 | ||
| 245 | |a Catàleg de l'Arxiu Notarial de Terrassa / per Pere Puig i Ustrell i Josep Sanllehí i Ubach | ||
| 260 | |a Barcelona : |b Fundació Noguera, |c 1984 | ||
| 300 | |a 193 p., [4] p. de làm. ; |c 24 cm | ||
| 490 | |a Inventaris d'Arxius Notarials de Catalunya ; 5 | ||
| 650 | |a Arxiu Notarial de Terrassa |x Catàlegs |9 24067 | ||
| 650 | |a Documents públics |x Terrassa |x Catàlegs |9 24068 | ||
| 700 | |a Sanllehí i Ubach, Josep |9 24070 | ||
| 710 | 2 | |9 70406 |a Arxiu Notarial de Terrassa | |
| 710 | 2 | |9 70407 |a Fundació Noguera | |
| 901 | |a Arxiu | ||
| 942 | |n 1 |2 udc |c MON | ||
| 952 | |0 0 |1 0 |4 0 |6 A1190 |7 1 |9 42960 |a Arxiu |b Arxiu |d 2016-12-01 |l 0 |o A-1-190 |p 1508 |r 2016-12-01 00:00:00 |w 2016-12-01 |y ARXIU | ||
| 999 | |c 45503 |d 45503 | ||